| 000 | 01043cam a22003137a 4500 | ||
|---|---|---|---|
| 003 | CHAP | ||
| 005 | 20220329140228.0 | ||
| 008 | 971013s1952 r 00010 d | ||
| 010 | _a48894 | ||
| 011 | _a49866 | ||
| 035 | _a54016 | ||
| 040 | _cCHAP | ||
| 082 |
_a636.0824 _bP47 |
||
| 100 | 0 | 0 |
_aPerry, Enos J. _987294 |
| 245 | 1 | 4 | _aThe artificial insemination of farms animals |
| 250 | _a2 ed. | ||
| 260 |
_aNew Brunswick : _bRutgers University Press, _c1952 |
||
| 300 |
_a341 p. _b: ilus. |
||
| 590 |
_aBATCH-UPD _b10 _c20130110 _lUCH01 _h1704 |
||
| 590 |
_aBATCH-UPD _b10 _c20130410 _lUCH01 _h1051 |
||
| 590 |
_aBATCH-UPD _b10 _c20130914 _lUCH01 _h1648 |
||
| 590 |
_aCONVERSION _b10 _c20130109 _lUCH01 _h1327 |
||
| 650 | 1 | 4 |
_aInseminación artificial. _958964 |
| 901 | _aBK | ||
| 942 | _cLIBRO | ||
| 949 |
_a636.0824 P47 _bBC _cBPA _d-119419 _eBPA _fc.3 _h27738 _i54016 _si _t45.00 |
||
| 949 |
_a636.0824 P47 _bBC _cBPA _d-119420 _eBPA _fc.4 _h242345 _i54016 _si _t45.00 |
||
| 949 |
_a636.0824 P47 _bBC _cBPA _d33724000272969 _eBPA _fc.2 _h27737 _i54016 _si _t45.00 |
||
| 999 |
_c48894 _d48894 |
||